Gua̕ de herramientas informt̀icas para juristas

Detalles Bibliográficos
Autor principal: Ortega Gimňez, Alfonso
Otros Autores: Lp̤ez ℓlvarez, Antonio
Formato: eBook
Lenguaje:español
Publicado: Alicante : Editorial Club Universitario, 2007
Materias:
Acceso en línea:http://www.vlex.com/source/7375

MARC

LEADER 00000nam a22000007a 4500
005 20130304170228.0
007 cr|||| ||||
008 130304e2007 sp |||||s|||| 00||0 spa d
020 |a 978-84-8454-632-0 
035 |a 7375 
040 |a vLex 
090 |c 3820  |d 3820 
100 1 0 |a Ortega Gimňez, Alfonso  
245 1 0 |a Gua̕ de herramientas informt̀icas para juristas  |h [Recurso electrn̤ico]  |c / Alfonso Ortega Gimňez, Antonio Lp̤ez ℓlvarez  
256 |a Servicio en ln̕ea 
260 |a Alicante :  |b Editorial Club Universitario,   |c 2007  
300 |a 1 Recurso electrn̤ico 
506 |d vLex Global  |d vLex Global (Academic Edition, excluding Law Schools)  |d vLex Global (U.S. Academic Edition, Law Schools)  |d vLex Global (U.S. Academic Edition, excluding Law Schools)  |d vLex Global (Academic Edition, Law Schools) 
650 0 4 |a Informt̀ica 
650 0 4 |a Tecnologa̕ y telecomunicaciones 
650 0 4 |a Derecho 
700 1 0 |a Lp̤ez ℓlvarez, Antonio  
740 |a vLex Libros (Servicio en ln̕ea) 
856 |a Acceso restringido  |u http://www.vlex.com/source/7375 
942 |c BOOK 
999 0 |a Electronic data processing